zpět

Detail výsledku týmu

Kurnik Šopa - Centrum, Ostrava

Datum a čas kvízu

33 Celkem bodů Celkový počet nahraných bodů na tomto kvízu bez doplňovacích otázek.
3. Pořadí na kvízu Konečné umístění týmu na tomto kvízu.

Zaznamenané odpovědi

# Otázka Odpověď Body Výsledky
1. Od minulého čtvrtka až do 23.... Kosmova kronika 1
2. Donald Trump a technika se na... eskalátor 1
3. Minulý týden proběhl v Brně me... Straka 0
4. Ve které evropské zemi nově po... v Itálii 0
5. Který divizní tým vyřadil minu... (FK) Nové Sady 1
6. Gesto, které vidíme na obrázku... 1B 2D 3C 4A 0
7. Gesto na obrázku znamená v mno... o stoletou válku 1
8. Sheldon Cooper v Teorii velkéh... papír a tapír (ještěr) 1
9. Která dvě písmena české dvouru... CH, R 0.5
10. Na výřezu z obrazu francouzské... paroháč (že je mu žena nevěrná) 0